[Event "Barcelona Catalunya op 26th"]
[Site "Barcelona"]
[Date "2014.09.27"]
[Round "1"]
[White "Mendez Garcia, Juan Ignacio"]
[Black "Rene Chabas, Adria"]
[Result "1-0"]
[WhiteElo "1941"]
[BlackElo "1726"]
[PlyCount "77"]
[EventDate "2014.09.27"]
[EventType "swiss"]
[EventRounds "9"]
[EventCountry "ESP"]
[SourceTitle "EXT 2017"]
[Source "ChessBase"]
[SourceDate "2016.10.25"]
[SourceVersion "1"]
[SourceVersionDate "2016.10.25"]
[SourceQuality "1"]

1. d4 d5 2. c4 Nc6 3. Nf3 Bf5 4. Qb3 dxc4 5. Qxb7 Nxd4 6. Nxd4 Qxd4 7. Qxa8+ Qd8 8. Qxd8+ Kxd8 9. Nc3 Nf6 10. Bg5 Ne4 11. Nxe4 Bxe4 12. e3 f6 13. Bh4 e5 14. f3 Bc2 15. Bxc4 Bb4+ 16. Kf2 g5 17. Bg3 f5 18. Bxe5 Re8 19. Bf6+ Be7 20. Bxe7+ Rxe7 21. Rac1 Ba4 22. b3 Bc6 23. Rhd1+ Kc8 24. Ba6+ Bb7 25. Bxb7+ Kxb7 26. Rc5 f4 27. e4 g4 28. Rf5 gxf3 29. gxf3 a5 30. Rxa5 Rf7 31. Rf5 Rxf5 32. exf5 c5 33. f6 Kb6 34. f7 Kb5 35. f8Q c4 36. bxc4+ Kxc4 37. Qc8+ Kb4 38. Rb1+ Ka3 39. Qa6# 1-0